000 00228nam a2200097Ia 4500
008 170620s9999 xx 000 0 und d
100 _aGanong-William.F
245 0 _aEreview of Medical Physiology
260 _bMc Graw Hill
260 _c2005
300 _a912
999 _c27657
_d27657